[Event "Hastings Masters 2025-26"]
[Site "Hastings ENG"]
[Date "2026.01.01"]
[Round "8.29"]
[White "Herzwurm, Robert"]
[Black "Eldridge, Albert"]
[Result "1/2-1/2"]
[WhiteElo "2047"]
[BlackElo "1781"]
[WhiteFideId "4668570"]
[BlackFideId "343438857"]
[EventDate "2025.12.28"]

1. e4 c6 2. d4 d5 3. e5 c5 4. dxc5 e6 5. a3 Bxc5 6. b4 Be7 7. Nf3 f6 8. Bb2 a5
9. b5 Nd7 10. Nbd2 Nh6 11. c4 Nf7 12. exf6 Bxf6 13. Qc2 O-O 14. Be2 Bxb2 15.
Qxb2 b6 16. O-O Bb7 17. Rad1 Qc7 18. cxd5 exd5 19. Nb3 Rae8 20. Nbd4 Nfe5 21.
Qd2 Qd6 22. a4 Nc5 23. Qa2 Ne4 24. Qb3 Nc5 1/2-1/2

[Event "Hastings Masters 2025-26"]
[Site "Hastings ENG"]
[Date "2026.01.01"]
[Round "8.30"]
[White "Rastogi, Nayan Keats"]
[Black "Kilambi, Venkata Ananth Akshay"]
[Result "0-1"]
[WhiteElo "1939"]
[BlackElo "2038"]
[WhiteFideId "343407579"]
[BlackFideId "489395"]
[EventDate "2025.12.28"]

1. e4 c6 2. d4 d5 3. e5 c5 4. dxc5 e6 5. a3 Bxc5 6. Nf3 Nd7 7. c4 Ne7 8. Nc3 O-O
9. Bd3 f6 10. exf6 Nxf6 11. cxd5 exd5 12. h3 Bf5 13. O-O Ne4 14. Nxe4 Bxe4 15.
Ng5 Qb6 16. Nxe4 dxe4 17. Bc4+ Kh8 18. Qe2 Nf5 19. Kh2 Qd6+ 20. g3 e3 21. f4 b5
22. Bd3 Nd4 23. Qxe3 Rae8 24. Be4 Nc2 25. Qd3 Qxd3 26. Bxd3 Nxa1 0-1

[Event "Hastings Masters 2025-26"]
[Site "Hastings ENG"]
[Date "2026.01.01"]
[Round "8.31"]
[White "Finn, Peter"]
[Black "Fryer, David W"]
[Result "1-0"]
[WhiteTitle "CM"]
[WhiteElo "2200"]
[BlackElo "1902"]
[WhiteFideId "432156"]
[BlackFideId "406384"]
[EventDate "2025.12.28"]

1. d4 Nf6 2. c4 e6 3. g3 d5 4. Bg2 Be7 5. Nf3 O-O 6. O-O b6 7. cxd5 exd5 8. Nc3
c6 9. Ne5 Bb7 10. Bf4 Na6 11. Qa4 b5 12. Qb3 Nc7 13. Rfd1 Ne6 14. a4 b4 15. a5
Nxf4 16. gxf4 Ba6 17. Nxc6 Bc4 18. Nxd5 Bxb3 19. Ndxe7+ Kh8 20. Nxd8 Bxd1 21.
Bxa8 Rxd8 22. Rxd1 Rxa8 23. d5 1-0

[Event "Hastings Masters 2025-26"]
[Site "Hastings ENG"]
[Date "2026.01.01"]
[Round "8.32"]
[White "Kim, Changhoon"]
[Black "Brewer, Callum D"]
[Result "1/2-1/2"]
[WhiteTitle "CM"]
[WhiteElo "1874"]
[BlackElo "2175"]
[WhiteFideId "34117234"]
[BlackFideId "435309"]
[EventDate "2025.12.28"]

1. d4 Nf6 2. c4 e6 3. g3 d5 4. Nf3 dxc4 5. Bg2 Nc6 6. Qa4 Bb4+ 7. Bd2 Bd6 8. Na3
Ne4 9. Nxc4 Nxd2 10. Ncxd2 O-O 11. O-O e5 12. dxe5 Nxe5 13. Nxe5 Bxe5 14. Nc4
Bf6 15. Rfd1 Qe7 16. Rd2 Qc5 17. Na5 c6 18. Rad1 Qb6 19. Nc4 Qc7 20. Qa5 Qxa5
21. Nxa5 Rb8 22. Nc4 Be6 23. b3 a5 24. Nb6 Rfd8 25. Kf1 Kf8 26. Nd7+ Bxd7 27.
Rxd7 Rxd7 28. Rxd7 Ke8 29. Rd3 Ra8 30. a4 1/2-1/2

[Event "Hastings Masters 2025-26"]
[Site "Hastings ENG"]
[Date "2026.01.01"]
[Round "8.33"]
[White "Barbu, Simon-Alexandru"]
[Black "Gibson, Christopher A"]
[Result "1-0"]
[WhiteElo "2051"]
[BlackElo "1887"]
[WhiteFideId "1257170"]
[BlackFideId "414697"]
[EventDate "2025.12.28"]

1. e4 c5 2. Nc3 Nc6 3. Bb5 Nd4 4. Nf3 a6 5. Bd3 g6 6. b4 Nxf3+ 7. Qxf3 cxb4 8.
Nd5 Bg7 9. Rb1 e6 10. Ne3 Ne7 11. Rxb4 Nc6 12. Rb1 b5 13. Bb2 O-O 14. h4 Ne5 15.
Qh3 Nxd3+ 16. cxd3 Bxb2 17. Rxb2 e5 18. h5 d6 19. Qf3 Be6 20. Rc2 Rc8 21. Rxc8
Bxc8 22. Nd5 f6 23. hxg6 hxg6 24. g4 Kf7 25. Rh7+ Ke8 26. Nc7+ 1-0

[Event "Hastings Masters 2025-26"]
[Site "Hastings ENG"]
[Date "2026.01.01"]
[Round "8.35"]
[White "Ratcliffe, James"]
[Black "Woods, Yannick"]
[Result "0-1"]
[WhiteElo "1845"]
[BlackElo "2023"]
[WhiteFideId "343432840"]
[BlackFideId "2518384"]
[EventDate "2025.12.28"]

1. e4 c5 2. Nc3 Nc6 3. g3 d6 4. Bg2 g6 5. d3 Bg7 6. Nh3 e6 7. a4 Nge7 8. O-O O-O
9. Nf4 a6 10. Re1 Rb8 11. h4 h5 12. Nce2 b5 13. axb5 axb5 14. c3 d5 15. exd5
exd5 16. d4 c4 17. b4 Bf5 18. Nh3 Nc8 19. Bf4 Rb7 20. Qd2 Qd7 21. Kh2 Nd8 22.
Ra6 Rb6 23. Rea1 Re8 24. Bg5 Ne6 25. Be3 Nc7 26. Rxb6 Nxb6 27. Ra7 Ra8 28. Rxa8+
Ncxa8 29. Bh6 Bxh6 30. Qxh6 Na4 31. Nhf4 N8b6 32. Qg5 Kh7 33. Qf6 Be6 34. Bf3
Qe8 35. Qg5 Qf8 36. Nxd5 Nxd5 37. Bxd5 f6 38. Qe3 Bxd5 39. Nf4 Bf7 40. d5 Qd6
41. Qa7 Kg8 42. Kg1 Nxc3 43. Qa8+ Kg7 44. Qa5 Nxd5 45. Ne2 Qxb4 46. Qa1 Qd2 47.
Nd4 Nc3 48. Nf5+ gxf5 49. Qa7 Qd4 50. Qe7 Ne4 51. Qa3 Qxf2+ 52. Kh1 Qf1+ 53. Kh2
Nf2 54. g4 Nxg4+ 55. Kg3 f4# 0-1

[Event "Hastings Masters 2025-26"]
[Site "Hastings ENG"]
[Date "2026.01.01"]
[Round "8.36"]
[White "Rayner, Francis"]
[Black "Saxena, Advik"]
[Result "1/2-1/2"]
[WhiteElo "1983"]
[BlackElo "1806"]
[WhiteFideId "1800132"]
[BlackFideId "343423892"]
[EventDate "2025.12.28"]

1. c4 Nf6 2. Nc3 e6 3. e4 d5 4. cxd5 exd5 5. e5 d4 6. exf6 dxc3 7. Qe2+ Be6 8.
fxg7 cxd2+ 9. Qxd2 Qxd2+ 10. Bxd2 Bxg7 11. Nf3 Nd7 12. Be2 O-O-O 13. Bc3 Bxc3+
14. bxc3 Rde8 15. O-O Rhg8 16. Rfe1 Rg7 17. Nd4 c5 18. Nxe6 Rxe6 19. Bf3 Nf6 20.
Rab1 b6 21. a4 Rg8 22. Rxe6 fxe6 23. a5 Nd7 24. axb6 Nxb6 25. Rb5 Rg5 1/2-1/2

[Event "Hastings Masters 2025-26"]
[Site "Hastings ENG"]
[Date "2026.01.01"]
[Round "8.37"]
[White "Oh, Sejun"]
[Black "Ashton, Alannah"]
[Result "0-1"]
[BlackTitle "WCM"]
[WhiteElo "1695"]
[BlackElo "1983"]
[WhiteFideId "13216112"]
[BlackFideId "480681"]
[EventDate "2025.12.28"]

1. d4 Nf6 2. c4 g6 3. f3 c5 4. d5 e6 5. e4 exd5 6. cxd5 d6 7. Nc3 Bg7 8. Bd3 O-O
9. Nge2 Nbd7 10. O-O a6 11. a4 Rb8 12. Be3 Ne5 13. h3 Nxd3 14. Qxd3 Nd7 15. f4
Qc7 16. b3 Nb6 17. a5 Nd7 18. Ra2 b5 19. axb6 Nxb6 20. Rc1 Re8 21. Na4 Nxa4 22.
bxa4 Qa5 23. Bd2 Qb6 24. Bc3 c4+ 25. Bd4 cxd3 26. Bxb6 Rxb6 27. Ng3 Bd4+ 28. Kf1
a5 29. Rd1 Ba6 30. Rad2 Be3 31. Ra2 Rc8 32. Ke1 Rc2 33. Rxc2 dxc2 0-1

[Event "Hastings Masters 2025-26"]
[Site "Hastings ENG"]
[Date "2026.01.01"]
[Round "8.38"]
[White "Sow, MiaoGeng Malcolm"]
[Black "Chapman, Luke"]
[Result "1-0"]
[WhiteElo "1842"]
[BlackElo "1976"]
[WhiteFideId "5817501"]
[BlackFideId "343416608"]
[EventDate "2025.12.28"]

1. e4 c5 2. d4 cxd4 3. c3 dxc3 4. Nxc3 Nc6 5. Bc4 d6 6. Nf3 a6 7. h3 Nf6 8. O-O
e6 9. Qe2 Be7 10. Rd1 b5 11. Bb3 Qb6 12. Bf4 Na5 13. Bxd6 Bxd6 14. e5 Bxe5 15.
Qxe5 O-O 16. Ng5 Bb7 17. Rd6 Nc6 18. Qg3 h6 19. Nxf7 Rxf7 20. Rxe6 Kf8 21. Qd6+
Kg8 22. Rxf6 gxf6 23. Qxf6 Qc7 24. Qg6+ Kf8 25. Qxh6+ Kg8 26. Nd5 Rh7 27. Ne7+ 1-0

[Event "Hastings Masters 2025-26"]
[Site "Hastings ENG"]
[Date "2026.01.01"]
[Round "8.39"]
[White "Turner, Lewis A"]
[Black "Shankar, Yashwardhan"]
[Result "1-0"]
[WhiteElo "1945"]
[BlackElo "1886"]
[WhiteFideId "412600"]
[BlackFideId "2411067"]
[EventDate "2025.12.28"]

1. e4 c6 2. d4 d5 3. e5 Bf5 4. h4 h5 5. Bd3 Bxd3 6. Qxd3 e6 7. Bg5 Qb6 8. Nd2
Ne7 9. Ngf3 Nf5 10. O-O Nd7 11. Rfd1 Be7 12. Bxe7 Nxe7 13. Nf1 c5 14. c3 Nf5 15.
Ne3 Nxe3 16. fxe3 Nf8 17. Ng5 f5 18. a4 Nh7 19. dxc5 Qc6 20. Nxh7 Rxh7 21. Qb5
g6 22. Rd4 Rc7 23. Rb4 Rb8 24. Ra3 Kd8 25. Qxc6 Rxc6 26. Rab3 Kc7 27. Rb5 b6 28.
cxb6+ Rbxb6 29. a5 Rxb5 30. Rxb5 a6 31. Rb4 Rc5 32. Rb6 Rxa5 33. Rxe6 Ra4 34. g3
Ra1+ 35. Kf2 Ra2 36. Rxg6 Rxb2+ 37. Kf3 Rb3 38. Rxa6 Rxc3 39. Rd6 Rc5 40. Kf4
Rc4+ 41. Kxf5 Rg4 42. Rxd5 Rxg3 43. Rd3 Rg4 44. e6 Rg7 45. Kf6 Rg1 46. e7 Rf1+
47. Ke6 1-0

[Event "Hastings Masters 2025-26"]
[Site "Hastings ENG"]
[Date "2026.01.01"]
[Round "8.40"]
[White "Gorskovs, Andrejs"]
[Black "Hu, Junyan"]
[Result "1-0"]
[WhiteElo "1920"]
[BlackElo "1862"]
[WhiteFideId "343426751"]
[BlackFideId "343401260"]
[EventDate "2025.12.28"]

1. e4 c5 2. Nf3 e6 3. d4 cxd4 4. Nxd4 Nf6 5. Nc3 Nc6 6. Nxc6 bxc6 7. e5 Nd5 8.
Ne4 Qc7 9. f4 Qb6 10. c4 Bb4+ 11. Ke2 f5 12. exf6 Nxf6 13. Be3 Qd8 14. Nd6+ Bxd6
15. Qxd6 Bb7 16. Rg1 c5 17. g4 Rc8 18. g5 Ne4 19. Qd3 Qb6 20. Rb1 d5 21. Bg2 Nd6
22. b4 Nxc4 23. Bxc5 Qa6 24. a4 Qxa4 25. Ra1 Qb5 26. Ra5 Qd7 27. Rxa7 Nb2 28.
Qd4 Qb5+ 29. Kf2 Nd3+ 30. Kg3 Nxc5 31. bxc5 O-O 32. Re1 Qc6 33. Rb1 Rc7 34. Rb6
Qd7 35. Bh3 Re8 36. Qe5 Kf7 37. c6 Qc8 38. Rbxb7 Rxb7 39. Rxb7+ Re7 40. Rxe7+
Kxe7 41. c7 1-0

[Event "Hastings Masters 2025-26"]
[Site "Hastings ENG"]
[Date "2026.01.01"]
[Round "8.41"]
[White "ONUOHA, Obioma"]
[Black "Swiatkowski, Aram"]
[Result "1-0"]
[WhiteElo "2056"]
[BlackElo "1843"]
[WhiteFideId "8505837"]
[BlackFideId "343415210"]
[EventDate "2025.12.28"]

1. e4 e6 2. d4 d5 3. exd5 exd5 4. Bd3 Nf6 5. Nf3 Bd6 6. O-O O-O 7. Nc3 Bg4 8. h3
Bh5 9. Re1 Nbd7 10. Bg5 c6 11. g4 Bg6 12. Ne5 Qc7 13. f4 Bxd3 14. Qxd3 c5 15.
Nxd7 Nxd7 16. Nxd5 Qc6 17. Ne7+ Bxe7 18. Bxe7 Rfe8 19. d5 Qh6 20. Qf3 Nf8 21. f5
Qd2 22. Qe4 Rxe7 23. Qxe7 Qxd5 24. Rad1 Qxa2 25. Qxb7 1-0

[Event "Hastings Masters 2025-26"]
[Site "Hastings ENG"]
[Date "2026.01.01"]
[Round "8.42"]
[White "Bharat Kumar, Balahari"]
[Black "Freeman, Luke"]
[Result "1/2-1/2"]
[WhiteElo "2068"]
[BlackElo "1867"]
[WhiteFideId "496464"]
[BlackFideId "343411959"]
[EventDate "2025.12.28"]

1. d4 Nf6 2. c4 g6 3. g3 c6 4. Bg2 d5 5. Nc3 Bg7 6. Nf3 O-O 7. O-O dxc4 8. Ne5
Be6 9. e4 Nbd7 10. Nf3 Nb6 11. h3 h6 12. Be3 Nc8 13. a4 Ne8 14. Qd2 Kh7 15. Rfd1
Ncd6 16. Qe2 f5 17. Ne5 fxe4 18. Nxe4 Nf6 19. Nc5 Qc8 20. Nxe6 Qxe6 21. Rac1 Nd5
22. Nxc4 Nf5 1/2-1/2

[Event "Hastings Masters 2025-26"]
[Site "Hastings ENG"]
[Date "2026.01.01"]
[Round "8.43"]
[White "Vaidyanathan, Sathya"]
[Black "Sciupokas, Arunas"]
[Result "1/2-1/2"]
[WhiteElo "1842"]
[BlackElo "1990"]
[WhiteFideId "490539"]
[BlackFideId "12803693"]
[EventDate "2025.12.28"]

1. e4 Nc6 2. Nf3 d6 3. d4 Bg4 4. Be3 Nf6 5. Nc3 e6 6. Qd2 Be7 7. O-O-O d5 8. h3
Bh5 9. e5 Ne4 10. Nxe4 dxe4 11. g4 Bg6 12. Ng1 Nb4 13. Bc4 Nd5 14. Bxd5 Qxd5 15.
Kb1 c5 16. dxc5 Qxd2 17. Rxd2 Rc8 18. b4 h5 19. g5 h4 20. Ne2 Rh5 21. Nc3 1/2-1/2

[Event "Hastings Masters 2025-26"]
[Site "Hastings ENG"]
[Date "2026.01.01"]
[Round "8.44"]
[White "Gupta, Aditya"]
[Black "Dewangan, Aayush"]
[Result "0-1"]
[WhiteElo "1808"]
[BlackElo "1981"]
[WhiteFideId "343418643"]
[BlackFideId "469700"]
[EventDate "2025.12.28"]

1. e4 c5 2. Nf3 d6 3. d4 cxd4 4. Nxd4 Nf6 5. Nc3 a6 6. Be3 e6 7. Be2 Be7 8. f4
Nc6 9. g4 Nd7 10. g5 O-O 11. Rg1 Nxd4 12. Bxd4 b5 13. a3 Bb7 14. h4 Nc5 15. f5
Kh8 16. Bxg7+ Kxg7 17. f6+ Kh8 18. fxe7 Qxe7 19. Qd4+ e5 20. Qe3 f5 21. g6 Qxh4+
22. Kd2 Rf6 23. Rh1 Qf4 24. Qxf4 exf4 25. Rxh7+ Kg8 26. exf5 Rxf5 27. Rf1 Bg2
28. Bf3 Bxf3 29. Rxf3 Re8 30. Rf7 Rxf7 31. gxf7+ Kxf7 32. Rxf4+ Ke6 33. b4 Nd7
34. Ne2 Ne5 35. Kc3 Rh8 36. Nc1 Nc4 37. a4 Nb6 38. Re4+ Kf5 39. Rd4 Nxa4+ 40.
Kb3 Ke5 41. Rg4 Rh1 42. Nd3+ Kd5 43. Rg5+ Kd4 44. Rg4+ Kd5 45. Rg5+ Kc6 46. Ka2
Rh4 47. Kb3 Rc4 48. Rg2 Rc3+ 49. Ka2 Nb6 50. Kb2 Rc4 51. Rg6 Re4 52. Kb3 Nd5 53.
Rh6 Nb6 54. Nc5 Rd4 55. Nd3 Nc4 56. Rg6 Rh4 57. Rf6 Rh2 58. Rf2 Rh1 59. Rg2 Rb1+
60. Ka2 Rd1 61. Re2 Nb6 62. Rh2 Nd5 63. Rh6 Rxd3 64. cxd3 Nxb4+ 65. Kb3 Nxd3 66.
Kc3 Nc5 67. Rh8 a5 68. Ra8 b4+ 69. Kb2 Kb5 70. Rd8 Ne4 71. Re8 d5 72. Rb8+ Kc4
73. Rc8+ Nc5 74. Rh8 a4 75. Ka2 Ne4 76. Rh4 Kc3 77. Rh3+ Kc2 78. Ka1 d4 79. Ka2
b3+ 80. Ka3 b2 81. Rh2+ Nd2 82. Kxa4 b1=Q 83. Rh3 d3 84. Rh6 Qb3+ 85. Ka5 Nc4+
86. Ka6 Qa4+ 87. Kb7 Qb5+ 88. Ka8 Qd7 89. Kb8 Nd6 90. Rh2+ d2 91. Rxd2+ Kxd2 92.
Ka8 Qb7# 0-1

[Event "Hastings Masters 2025-26"]
[Site "Hastings ENG"]
[Date "2026.01.01"]
[Round "8.45"]
[White "Wilson, Matthew R"]
[Black "Anjulan, Ashwin"]
[Result "1-0"]
[WhiteElo "1772"]
[BlackElo "1876"]
[WhiteFideId "423459"]
[BlackFideId "343411622"]
[EventDate "2025.12.28"]

1. e4 e6 2. d4 d5 3. exd5 exd5 4. Nf3 Bd6 5. c4 c6 6. Nc3 Ne7 7. Qb3 O-O 8. Be2
dxc4 9. Bxc4 Nd7 10. O-O Nb6 11. Bg5 Nxc4 12. Qxc4 Be6 13. Qd3 Qd7 14. Rad1 Nd5
15. Nxd5 Bxd5 16. a3 Rae8 17. Rfe1 Qg4 18. h3 Qh5 19. Bc1 f5 20. Ne5 Bxe5 21.
Rxe5 Rxe5 22. dxe5 f4 23. Re1 f3 24. e6 fxg2 25. e7 Re8 26. Qg3 h6 27. Bd2 Qf7
28. Bb4 b6 29. Bd6 a5 30. Qe3 b5 31. Bc7 a4 32. Bd8 Qf5 33. Qc3 Bf3 34. Qe3 Qxh3
35. Qe6+ Qxe6 36. Rxe6 Bd5 37. Re3 g5 38. f3 g4 39. fxg4 Kf7 40. Re5 Rg8 41. Bb6
Ke8 42. Bc5 Rxg4 43. Rf5 Rg8 44. Rf8+ Kd7 45. e8=Q+ 1-0

[Event "Hastings Masters 2025-26"]
[Site "Hastings ENG"]
[Date "2026.01.01"]
[Round "8.46"]
[White "Swiatkowski, Dominik"]
[Black "Saxena, Reyansh"]
[Result "1-0"]
[WhiteElo "1874"]
[BlackElo "1641"]
[WhiteFideId "343415202"]
[BlackFideId "343423884"]
[EventDate "2025.12.28"]

1. e4 e6 2. d3 d5 3. Nd2 c5 4. Ngf3 Nf6 5. g3 Be7 6. Bg2 O-O 7. O-O Nbd7 8. Re1
b6 9. Nf1 Bb7 10. e5 Ne8 11. h4 g6 12. N1h2 Ng7 13. Bg5 Nxe5 14. Nxe5 f6 15. Bf4
fxe5 16. Bxe5 Bf6 17. Bxf6 Qxf6 18. Ng4 Qxb2 19. Qe2 Rae8 20. Ne5 Nf5 21. Ng4 h5
22. Qe5 Qxe5 23. Nxe5 Kg7 24. Nf3 Re7 25. Re5 d4 26. Ng5 Kf6 27. Rxe6+ Rxe6 28.
Nxe6 Kxe6 29. Bxb7 Nd6 30. Re1+ Kd7 31. Bg2 Re8 32. Bh3+ Kd8 33. Rxe8+ Kxe8 34.
Kg2 Nb5 35. Be6 Na3 36. Bb3 b5 37. Kf3 Ke7 38. Ke4 a5 39. Kd5 a4 40. Kxc5 axb3
41. cxb3 Nc2 42. Kxb5 Kd6 43. a4 Kc7 44. Kc5 Kb7 45. Kb5 Ne1 46. Kc4 Nf3 47. Kd5
Kc7 48. b4 Kd7 49. b5 Nh2 50. b6 Ng4 51. a5 Nf6+ 52. Kxd4 Kc6 53. f3 Nd7 54. Ke4
Nc5+ 55. Ke5 Nxd3+ 56. Kf6 Kb7 57. Kxg6 Ne5+ 58. Kxh5 Nxf3 59. Kg4 Ne5+ 60. Kf5
Nc6 61. h5 Ne7+ 62. Kg5 Ng8 63. h6 Nxh6 64. Kxh6 Ka6 65. g4 1-0

[Event "Hastings Masters 2025-26"]
[Site "Hastings ENG"]
[Date "2026.01.01"]
[Round "8.47"]
[White "Napolitano, Domenico"]
[Black "Venkatesh, Anuj"]
[Result "1/2-1/2"]
[WhiteElo "1863"]
[BlackElo "1825"]
[WhiteFideId "456993"]
[BlackFideId "455636"]
[EventDate "2025.12.28"]

1. e4 c5 2. Nc3 Nc6 3. f4 g6 4. a4 Bg7 5. Nf3 b6 6. Bc4 e6 7. O-O Nge7 8. Qe1
O-O 9. d3 d5 10. exd5 exd5 11. Ba2 Nd4 12. Nxd4 Bxd4+ 13. Be3 Bxe3+ 14. Qxe3 d4
15. Qf3 dxc3 16. Qxa8 Qd4+ 17. Kh1 cxb2 18. Rae1 Be6 19. Qxa7 Bxa2 20. Qxe7 Qb4
21. Rb1 Bxb1 22. Rxb1 Ra8 23. Qe5 Rxa4 24. Qe8+ Kg7 25. Qe5+ Kf8 26. Qh8+ Ke7
27. Qe5+ Kf8 28. Qh8+ Ke7 29. Qe5+ Kd7 30. Qd5+ Kc7 31. Qxf7+ Kb8 32. Qe8+ Kb7
33. Qd7+ Ka6 34. Qc8+ Ka7 35. Qc7+ Ka8 36. Qc8+ Ka7 37. Qc7+ Ka8 1/2-1/2

[Event "Hastings Masters 2025-26"]
[Site "Hastings ENG"]
[Date "2026.01.01"]
[Round "8.48"]
[White "Prince, Alan R"]
[Black "Varney, Zoe"]
[Result "1/2-1/2"]
[BlackTitle "WFM"]
[WhiteElo "1803"]
[BlackElo "2053"]
[WhiteFideId "2402165"]
[BlackFideId "436135"]
[EventDate "2025.12.28"]

1. Nf3 d5 2. g3 e6 3. Bg2 Nf6 4. O-O Be7 5. d3 O-O 6. Nbd2 c5 7. e4 Nc6 8. e5
Nd7 9. Re1 b5 10. Nf1 a5 11. h4 a4 12. a3 Bb7 13. N1h2 Qc7 14. Bf4 Rfc8 15. Ng4
Qd8 16. Ng5 b4 17. Bh3 Nf8 18. Ne3 h6 19. Nf3 Nd4 20. h5 Nxf3+ 21. Qxf3 Nh7 22.
Qg4 Bg5 23. Bg2 Ra7 24. Bxg5 Qxg5 25. Qxg5 Nxg5 26. f4 Nh7 27. g4 f6 28. f5 fxe5
29. fxe6 e4 30. Nf5 Bc6 31. dxe4 dxe4 32. Bxe4 Bxe4 33. Rxe4 Ng5 34. Re3 Re8 35.
Rae1 Ra6 36. e7 Kh7 37. Nh4 Nf7 38. Ng6 Nh8 39. Nf8+ Kg8 40. Rd1 Ra7 41. Rd7
Rxd7 42. Nxd7 bxa3 43. bxa3 Kf7 44. Nxc5 g6 45. Nxa4 gxh5 46. gxh5 Rg8+ 47. Kf2
Ke8 48. Nb6 Rg5 49. Nc8 Rd5 50. Rd3 Rf5+ 51. Ke3 Nf7 52. Nd6+ Nxd6 53. Rxd6 Rxh5
54. Re6 Rh3+ 55. Kd4 Rxa3 56. c4 Ra7 57. Kd5 Rxe7 58. Rxh6 Kd7 59. Ra6 Kc8 60.
Rc6+ Kb7 61. Rd6 Rh7 62. c5 Kc7 63. Kc4 Rh1 64. Rd4 Rc1+ 65. Kd5 Rh1 1/2-1/2

[Event "Hastings Masters 2025-26"]
[Site "Hastings ENG"]
[Date "2026.01.01"]
[Round "8.49"]
[White "Balzer, Lars"]
[Black "Halas, Kim Aleksander"]
[Result "1-0"]
[WhiteElo "2026"]
[BlackElo "1729"]
[WhiteFideId "4646452"]
[BlackFideId "1546074"]
[EventDate "2025.12.28"]

1. e4 c6 2. Nc3 d5 3. Nf3 dxe4 4. Nxe4 Nf6 5. Qe2 Nxe4 6. Qxe4 Qd5 7. Qa4 Bf5 8.
d3 e5 9. Be3 Na6 10. c4 Bb4+ 11. Qxb4 Nxb4 12. cxd5 Nc2+ 13. Kd2 Nxa1 14. dxc6
f6 15. Be2 Rc8 16. Rxa1 Rxc6 17. Ne1 O-O 18. Bf3 Rc7 19. Bd5+ Kh8 20. Bxa7 Re8
21. Bb6 Rd7 22. Bc4 Rc8 23. Rc1 Rd6 24. Be3 Bd7 25. Rc3 f5 26. g3 g6 27. Nf3 Re8
28. Bc5 Rc6 29. Bd5 1-0

[Event "Hastings Masters 2025-26"]
[Site "Hastings ENG"]
[Date "2026.01.01"]
[Round "8.50"]
[White "Siddhartha Shankar Srivastava"]
[Black "Butt, Laurence"]
[Result "1/2-1/2"]
[WhiteElo "1589"]
[BlackElo "1790"]
[WhiteFideId "25780590"]
[BlackFideId "440884"]
[EventDate "2025.12.28"]

1. e4 Nc6 2. Nf3 g6 3. d4 Bg7 4. Nc3 d6 5. Be3 Bg4 6. Qd2 Bxf3 7. gxf3 h5 8.
O-O-O a6 9. Kb1 b5 10. Nxb5 Qb8 11. Nc3 Nf6 12. Bc4 Nd7 13. f4 Nb6 14. Bb3 Na5
15. f5 Nbc4 16. Qd3 Nxe3 17. Ba4+ Kf8 18. fxe3 g5 19. Rhg1 f6 20. h4 g4 21. Nd5
c6 22. Nf4 Kf7 23. Qc3 Qb6 24. Bb3+ Nxb3 25. cxb3 Ke8 26. Qc4 Bf8 27. Qe6 a5 28.
Rc1 Qb7 29. Rc3 Qd7 30. Rgc1 Qxe6 31. Nxe6 Kf7 32. Rxc6 Bh6 33. Nf4 Bxf4 34.
exf4 Rhg8 35. Rg1 Rac8 36. Rc3 Rxc3 37. bxc3 g3 38. Kc2 Rg4 39. Kd3 Rxf4 40.
Rxg3 Rxh4 41. c4 Rh2 42. c5 dxc5 43. dxc5 Ke8 44. a4 Kd7 45. Kc4 Kc6 46. Rg7
Rc2+ 47. Kd3 Rh2 48. Rxe7 Kxc5 49. Rf7 h4 50. Rxf6 h3 51. Rh6 Rh1 52. f6 Kd6 53.
e5+ Ke6 54. Ke2 h2 55. Kf2 Rb1 56. Rxh2 Rxb3 57. Rh4 Rb2+ 58. Ke3 Kxe5 59. f7
Rb3+ 60. Ke2 Rb8 61. Rh5+ Ke6 62. Rxa5 Kxf7 63. Rb5 Ra8 64. a5 Ke6 65. Kd3 Kd6
66. Kc4 Rc8+ 67. Kb4 Rc1 68. Rb6+ Kc7 69. Kb5 Ra1 70. Ka6 Ra2 71. Rb5 Ra1 72.
Ka7 Rc1 73. a6 Ra1 74. Rc5+ Kd6 75. Rc2 Rb1 76. Ra2 Kc7 77. Rh2 Kc8 78. Rh7 Ra1
79. Rb7 Ra2 80. Rb1 Rc2 81. Kb6 Kb8 82. Rb5 Ka8 83. Re5 Rb2+ 84. Rb5 Rxb5+ 85.
Kxb5 Ka7 86. Ka5 Ka8 87. Kb6 Kb8 88. a7+ Ka8 1/2-1/2

[Event "Hastings Masters 2025-26"]
[Site "Hastings ENG"]
[Date "2026.01.02"]
[Round "9.1"]
[White "Kovchan, Alexander"]
[Black "Deuer, Marius"]
[Result "1-0"]
[WhiteTitle "GM"]
[BlackTitle "IM"]
[WhiteElo "2447"]
[BlackElo "2475"]
[WhiteFideId "14103052"]
[BlackFideId "16236432"]
[EventDate "2025.12.28"]

1. e4 c6 2. d4 d5 3. e5 Bf5 4. Nf3 e6 5. Be2 c5 6. Be3 Qb6 7. Nc3 Nc6 8. O-O
Qxb2 9. Qe1 cxd4 10. Bxd4 Nxd4 11. Nxd4 Bb4 12. Rb1 Bxc3 13. Rxb2 Bxe1 14. Rxe1
b6 15. h4 h5 16. Nxf5 exf5 17. c4 Ne7 18. Rd2 O-O-O 19. f4 dxc4 20. Rxd8+ Rxd8
21. Bxc4 Rd4 22. Bxf7 Rxf4 23. Rd1 Kb8 24. Rd7 Nc6 25. e6 Re4 26. Bxh5 Rxe6 27.
Rxg7 Rh6 28. Be8 Ne5 29. h5 Ng4 30. Bg6 Nf6 31. Bxf5 Nxh5 32. Re7 Rd6 33. g4 Ng3
34. Bd7 Rd2 35. a3 a6 36. Bc6 Ne2+ 37. Kf1 Nf4 38. Rb7+ Kc8 39. Rxb6 a5 40. Rb5
Kc7 41. Ba8 Rd3 42. Rf5 Ng6 43. Be4 Rxa3 44. Rf7+ Kd6 45. Bxg6 a4 46. Kg2 Rb3
47. Rf3 Rb6 48. Kg3 Kc5 49. Bc2 1-0

[Event "Hastings Masters 2025-26"]
[Site "Hastings ENG"]
[Date "2026.01.02"]
[Round "9.2"]
[White "Golding, Alex"]
[Black "Williams, Simon K"]
[Result "1-0"]
[WhiteTitle "IM"]
[BlackTitle "GM"]
[WhiteElo "2370"]
[BlackElo "2434"]
[WhiteFideId "427241"]
[BlackFideId "404454"]
[EventDate "2025.12.28"]

1. e4 e5 2. Nf3 Nc6 3. Nc3 Nf6 4. Bb5 Bd6 5. d3 h6 6. Ne2 a6 7. Ba4 b5 8. Bb3
Na5 9. Ng3 Nxb3 10. axb3 Bc5 11. Nxe5 d5 12. O-O O-O 13. d4 Bb6 14. exd5 Qxd5
15. Be3 Bb7 16. Qf3 Rad8 17. Rfd1 Qxf3 18. Nxf3 Ng4 19. c3 f5 20. Bd2 f4 21. Nh5
g5 22. b4 c6 23. Re1 Nf6 24. Nxf6+ Rxf6 25. Re7 Rf7 26. Re6 Kh7 27. Ne5 Rc7 28.
Re1 Rf8 29. h4 gxh4 30. Ng6 Rff7 31. Nxf4 Bc8 32. Rd6 Bf5 33. Nh5 Rce7 34. Rxe7
Rxe7 35. Rxh6+ Kg8 36. Rxc6 Bc7 37. Nf6+ 1-0

[Event "Hastings Masters 2025-26"]
[Site "Hastings ENG"]
[Date "2026.01.02"]
[Round "9.3"]
[White "Hagner, Bennet"]
[Black "Kalavannan, Koby"]
[Result "1/2-1/2"]
[WhiteTitle "IM"]
[BlackTitle "FM"]
[WhiteElo "2451"]
[BlackElo "2275"]
[WhiteFideId "16224477"]
[BlackFideId "425753"]
[EventDate "2025.12.28"]

1. e4 c5 2. Nf3 Nc6 3. d4 cxd4 4. Nxd4 d5 5. Bb5 dxe4 6. Nc3 Bd7 7. Nxc6 bxc6 8.
Bc4 Bf5 9. Qe2 Nf6 10. h3 h5 11. Bd2 g6 12. O-O-O Bg7 13. Bb3 Qc7 14. Kb1 Rb8
15. Rhg1 Qc8 16. Bf4 Rb7 17. Be5 O-O 18. g4 hxg4 19. Bxf6 Bxf6 20. hxg4 Be6 21.
Nxe4 c5 22. Nxf6+ exf6 23. c4 Rb4 24. Rg3 Kg7 25. f4 Re8 26. Re3 Qb8 27. f5 Bxc4
28. Bxc4 Rxe3 29. Qxe3 Rxc4 30. fxg6 1/2-1/2